• 首页
  • 本馆介绍
  • 公告通知
  • 最新文献
  • 馆藏检索
  • 电子资源
  • 读者导购
  • 参考咨询
  • 我的图书馆
  • 登录
  • 详细信息显示
  • 放入我的书架
  • 预约/预借图书
  • 作者相关作品
  • 分类相关作品
  • 丛书相关作品
  • 出版社相关作品

书目信息

  • 表格格式
  • 工作单格式
  • 卡片格式
题名:
上海的光辉革命史迹图集
    
 
作者: ;上海市文物保管委员会 编
分册:  
出版信息: 上海   上海教育出版社  1978
页数: 1册
开本: 26cm
丛书名:
单 册:
中图分类: G260.3
科图分类:
主题词: 博物馆学 , 博物馆事业 , 革命文物--上海--1919~1949--图集
电子资源:
ISBN:
000 00761nam2 2200241 45
001 0178002888
005 20051109142906.06
010    @dCNY1.20
091    @b11150.1
100    @a19950814d1978 em y0chiy0121 ea
101 0  @achi
102    @aCN@b310000
105    @aa z 000yy
200 10 @a上海的光辉革命史迹图集@Ashang hai de guang hui ge ming shi ji tu ji@f上海市文物保管委员会编@Fshang hai shi wen wu bao guan wei yuan hui bian
210    @a上海@c上海教育出版社@d1978
215    @a1册@d26cm
606 0  @a博物馆学
606 0  @a博物馆事业
606    @a革命文物@y上海@z1919~1949@x图集
690    @aG260.3
711 02 @a上海市文物保管委员会@Ashang hai shi wen wu bao guan wei yuan hui@4编
801  0 @aCN@bNLC@c20051109
905    @f1@b5009@dG260.3@e2
    
    上海的光辉革命史迹图集/上海市文物保管委员会编.-上海:上海教育出版社,1978
    1册;26cm
    
    
    ISBN :CNY1.20
    
●
相关链接 在E读中查询图书 在五车中查询图书 在当当中查询图书 在豆瓣中查询图书


正题名:上海的光辉革命史迹图集     索取号:G260.3/2         预约/预借

序号 登录号 条形码 馆藏地/架位号 状态 备注
1 0005009   000989844   第一样本阅览室/ [索取号:G260.3/2] 在馆    
2 0005010   202143091   密集书库/ [索取号:G260.3/2] 在馆    
唐山师范学院图书馆 欢迎您!
大连网信软件有限公司© 版权所有